000 00469nab a2200145Ia 4500
003 ES-SlBCS
005 20220625200734.0
008 140529s2000 xxu||||| |||| 00| 0 spa d
041 _aspa
100 1 _aCarriedo Tejedo, Manuel
_967731
245 0 0 _aRosendo I de Mondoñedo (857-896). Cronología de un obispo repoblador
_c Manuel Carriedo Tejedo
630 0 4 _aRosendo I
_9259854
773 0 _tEstudios Mindonienses
_gnº. 16, 2000, págs. 373-386
_wRev196
942 _cAR
999 _c664863
_d664863